Wolverhampton Wanderers most expensive signings - Statistics

General Stats
  • This quiz has been taken 75 times
    21 since last reset
  • The average score is 7 of 10
Answer Stats
Signed from Season Fee (€) Player % Correct
Celta Vigo 25/26 27 million Jørgen Strand Larsen
89%
Atlético Madrid 23/24 50 million Matheus Cunha
84%
Barcelona 20/21 32 million Nélson Semedo
84%
Valencia 22/23 32.6 million Gonçalo Guedes
79%
Porto 20/21 40 million Fábio Silva
74%
Sporting CP 22/23 45 million Matheus Nunes
74%
Celta Vigo 25/26 23 million Fer López
68%
Burnley 22/23 24.3 million Nathan Collins
58%
Benfica 19/20 38 million Raúl Jiménez
53%
KRC Genk 25/26 26 million Tolu Arokodare
53%
No matching quizzes found
Score Distribution
Percent of People with Each Score
Percentile by Number Answered
Your Score History
You have not taken this quiz since the last reset